000
00313nam a2200133Ia 4500
005
20260326235453.0
008
260326s9999||||xx |||||||||||||| ||und||
100
_a
Hoag, John D.
245
0
_a
Islamic Architecture /
_c
John D. Hoag
260
_b
Rizzoli
300
_a
203 p.
650
_a
ARQUITECTURA
942
_c
BK
999
_c
7842
_d
7842